Моделирование влияния термобарических условий на скорость распостранения импульса давления в газовой среде; Нефтяное хозяйство; № 3

Manylion Llyfryddiaeth
Parent link:Нефтяное хозяйство: научно-технический производственный журнал.— , 1925-1940, 1946-.— 0028-2448
№ 3.— 2003.— С. 62-64
Prif Awdur: Федоров В. Н.
Awduron Eraill: Мешков В. М., Андриянов А. Л.
Iaith:Rwseg
Cyhoeddwyd: 2003
Cyfres:Техника и технология добычи нефти
Pynciau:
Fformat: Pennod Llyfr
KOHA link:https://koha.lib.tpu.ru/cgi-bin/koha/opac-detail.pl?biblionumber=385573

MARC

LEADER 00000naa2a2200000 4500
001 385573
005 20231101063359.0
035 |a (RuTPU)RU\TPU\prd\13480 
090 |a 385573 
100 |a 20030508a2003 k y0rusy50 ca 
101 0 |a rus 
102 |a RU 
200 1 |a Моделирование влияния термобарических условий на скорость распостранения импульса давления в газовой среде  |f В. Н. Федоров, В. М. Мешков, А. Л. Андриянов 
225 1 |a Техника и технология добычи нефти 
320 |a Библиогр.: 5 назв. 
461 1 |0 (RuTPU)RU\TPU\prd\1638  |x 0028-2448  |t Нефтяное хозяйство  |o научно-технический производственный журнал  |d 1925-1940, 1946- 
463 1 |0 (RuTPU)RU\TPU\prd\13359  |t № 3  |v С. 62-64  |d 2003 
610 1 |a моделирование 
610 1 |a термобарические условия 
610 1 |a импульс давления 
610 1 |a скорость 
610 1 |a распостранение 
610 1 |a газовая среда 
610 1 |a волнометрирование 
610 1 |a температура 
675 |a 622.276  |v 3 
700 1 |a Федоров  |b В. Н. 
701 1 |a Мешков  |b В. М. 
701 1 |a Андриянов  |b А. Л. 
801 1 |a RU  |b 63413507  |c 20030508  |g PSBO 
801 2 |a RU  |b 63413507  |c 20131025  |g RCR 
942 |c BK